00484nam a2200193 a 4500001001300000003000900013005001700022008004100039020001000080082001600090100001900106245002600125260004400151300000900195500003500204505001000239650002200249700001900271nice12345678IN_TiNIC20260116011730.0050524s1966 boma grp 000 0 eng  ac1.500a269.2bVER1 aVerwer, George aLiterature Evangelism aBombaybGospel Literature Servicec1966 a112p aincludes index and biblioraphy2 aIndex aEvangelistic Work1 aVerwer, George